<?xml version="1.0" encoding="UTF-8"?>
<record
    xmlns:xsi="http://www.w3.org/2001/XMLSchema-instance"
    xsi:schemaLocation="http://www.loc.gov/MARC21/slim http://www.loc.gov/standards/marcxml/schema/MARC21slim.xsd"
    xmlns="http://www.loc.gov/MARC21/slim">

  <leader>01636    a2200217   4500</leader>
  <controlfield tag="001">59429</controlfield>
  <controlfield tag="005">20260407155848.0</controlfield>
  <controlfield tag="008">260407a2005    arg                 spa d</controlfield>
  <controlfield tag="003">AR-UNSa-BCEJYS</controlfield>
  <datafield tag="040" ind1=" " ind2=" ">
    <subfield code="a">AR-UNSa-BCEJYS</subfield>
    <subfield code="b">spa</subfield>
    <subfield code="c">AR-UNSa-BCEJYS</subfield>
  </datafield>
  <datafield tag="080" ind1=" " ind2=" ">
    <subfield code="a">339.92</subfield>
    <subfield code="x">Cooperaci&#xF3;n econ&#xF3;mica internacional. Integraci&#xF3;n econ&#xF3;mica internacional</subfield>
  </datafield>
  <datafield tag="245" ind1="1" ind2="0">
    <subfield code="a">Fomentar la coordinaci&#xF3;n de las pol&#xED;ticas econ&#xF3;micas en Am&#xE9;rica Latina</subfield>
    <subfield code="p">El m&#xE9;todo REDIMA para salir del dilema del prisionero</subfield>
  </datafield>
  <datafield tag="020" ind1=" " ind2=" ">
    <subfield code="a">92-1-322680-2</subfield>
  </datafield>
  <datafield tag="264" ind1=" " ind2="1">
    <subfield code="a">Santiago de Chile :</subfield>
    <subfield code="b">CEPAL (Comisi&#xF3;n Econ&#xF3;mica para Am&#xE9;rica Latina y el Caribe)</subfield>
    <subfield code="c">2005</subfield>
  </datafield>
  <datafield tag="300" ind1=" " ind2=" ">
    <subfield code="a">174 p.</subfield>
    <subfield code="c">23 cm.</subfield>
  </datafield>
  <datafield tag="505" ind1=" " ind2=" ">
    <subfield code="a">1. "Lo que queda del d&#xED;a" en t&#xE9;rminos de teor&#xED;as - 2. &#x201C;Lo que le viento se llev&#xF3;&#x201D; en los intentos de coordinaci&#xF3;n internacional &#x2013; 3. Historia del surgimiento del polo monetario europeo como resultado de la coordinaci&#xF3;n de las pol&#xED;ticas econ&#xF3;micas &#x2013; 4. Filosof&#xED;a general del modelo europeo de coordinaci&#xF3;n &#x2013; 5. Principios generales derivados de casos concretos de coordinaci&#xF3;n &#x2013; 6. Aplicabilidad en Am&#xE9;rica Latina: el m&#xE9;todo REDIMA &#x2013; 7. Tres obst&#xE1;culos fundamentales para la cooperaci&#xF3;n &#x2013; 8. Algunas orientaciones b&#xE1;sicas para salir del &#x201C;dilema del prisionero&#x201D; en Am&#xE9;rica Latina: la econom&#xED;a pol&#xED;tica de REDIMA &#x2013; 9. Conclusiones operacionales: como aplicar las orientaciones de cooperaci&#xF3;n de REDIMA para enfrentar la inestabilidad macroecon&#xF3;mica en Am&#xE9;rica Latina &#x2013; 10. El experimento REDIMA I (2000-2003)</subfield>
  </datafield>
  <datafield tag="041" ind1=" " ind2=" ">
    <subfield code="a">spa</subfield>
  </datafield>
  <datafield tag="942" ind1=" " ind2=" ">
    <subfield code="c">BK</subfield>
  </datafield>
  <datafield tag="590" ind1=" " ind2=" ">
    <subfield code="a">niveau_biblio:m niveau_hierar:0</subfield>
  </datafield>
  <datafield tag="100" ind1="1" ind2=" ">
    <subfield code="a">Ghymers, Christian</subfield>
  </datafield>
  <datafield tag="999" ind1=" " ind2=" ">
    <subfield code="c">6683</subfield>
    <subfield code="d">6683</subfield>
  </datafield>
  <datafield tag="952" ind1=" " ind2=" ">
    <subfield code="0">0</subfield>
    <subfield code="1">0</subfield>
    <subfield code="4">0</subfield>
    <subfield code="7">0</subfield>
    <subfield code="a">BCEJYS</subfield>
    <subfield code="b">BCEJYS</subfield>
    <subfield code="c">16</subfield>
    <subfield code="d">2026-04-07</subfield>
    <subfield code="l">0</subfield>
    <subfield code="o">339.92 G411</subfield>
    <subfield code="p">L116193</subfield>
    <subfield code="r">2026-04-07 15:58:48</subfield>
    <subfield code="w">2026-04-07</subfield>
    <subfield code="y">L</subfield>
  </datafield>
</record>
